[Event "Sterlitamak-ch U15"]
[Site "Sterlitamak"]
[Date "2016.04.15"]
[Round "3.6"]
[White "Savelev, Rostislav"]
[Black "Khakimov, Airat"]
[Result "0-1"]
[WhiteElo "1195"]
[BlackElo "1636"]
[PlyCount "66"]
[EventDate "2016.04.11"]
[EventType "swiss"]
[EventRounds "11"]
[EventCountry "RUS"]
[SourceTitle "EXT 2022"]
[Source "ChessBase"]
[SourceDate "2021.10.06"]
[SourceVersion "1"]
[SourceVersionDate "2021.10.06"]
[SourceQuality "1"]

1. e4 c5 2. Nf3 d6 3. d4 cxd4 4. Nxd4 Nc6 5. Nc3 Nf6 6. Bb5 Bd7 7. Nd5 Nxe4 8. Qf3 Nxd4 9. Bxd7+ Qxd7 10. Qxe4 Ne6 11. Be3 g6 12. 0-0-0 Bg7 13. h4 Qb5 14. Qb4 Qxb4 15. Nxb4 a5 16. Nd5 Rc8 17. Rd2 Rc6 18. Re1 Nc7 19. Rde2 Nxd5 20. Kb1 0-0 21. a4 Nxe3 22. Rxe3 Rfc8 23. R1e2 Rb6 24. c3 Bxc3 25. Rxe7 Bf6 26. R7e3 Bxh4 27. g3 Bf6 28. Rd3 Rc4 29. b3 Rxa4 30. Kc1 Ra1+ 31. Kd2 Ra2+ 32. Ke3 Ra3 33. Kf3 Rbxb3 0-1